[Event "Guimaraes op"]
[Site "Guimaraes"]
[Date "2017.09.02"]
[Round "1"]
[White "Couto, Clara"]
[Black "Dias, Jose Oliveira Gaspa"]
[Result "0-1"]
[WhiteElo "1040"]
[BlackElo "1679"]
[PlyCount "84"]
[EventDate "2017.09.02"]
[EventType "swiss"]
[EventRounds "7"]
[EventCountry "POR"]
[SourceTitle "CBM 180 Extra"]
[Source "ChessBase"]
[SourceDate "2017.10.06"]
[SourceVersion "1"]
[SourceVersionDate "2017.10.06"]
[SourceQuality "1"]

1. e4 d5 2. exd5 Qxd5 3. Nc3 Qd6 4. Nf3 Nf6 5. Bc4 a6 6. Bb3 c5 7. 0-0 b5 8. a3 Bb7 9. d3 e6 10. Re1 Be7 11. Bg5 Nbd7 12. Ne4 Nxe4 13. dxe4 c4 14. Qxd6 Bxd6 15. Ba2 f6 16. Rad1 Bc7 17. Bd2 Nc5 18. e5 Bxf3 19. gxf3 Bxe5 20. Be3 Na4 21. b3 Nc3 22. Ra1 Nxa2 23. Rxa2 Rc8 24. b4 g5 25. Rd1 h5 26. Bd4 Rd8 27. c3 Bxd4 28. cxd4 Rd6 29. Rad2 Ke7 30. d5 Rhd8 31. Kf1 Rxd5 32. Ke2 Rxd2+ 33. Rxd2 Rxd2+ 34. Kxd2 Kd6 35. Kc2 Kd5 36. Kc3 Ke5 37. Kd2 Kd4 38. Kc2 f5 39. h3 e5 40. Kd2 e4 41. fxe4 Kxe4 42. Kc2 Kf3 0-1

[Event "Gaia Profigaia op 17th"]
[Site "Vila Nova de Gaia"]
[Date "2017.06.15"]
[Round "3"]
[White "Triunfante, Armando"]
[Black "Dias, Jose Oliveira Gaspa"]
[Result "0-1"]
[WhiteElo "1231"]
[BlackElo "1672"]
[PlyCount "90"]
[EventDate "2017.06.14"]
[EventType "swiss"]
[EventRounds "7"]
[EventCountry "POR"]
[SourceTitle "CBM 179 Extra"]
[Source "ChessBase"]
[SourceDate "2017.08.23"]
[SourceVersion "1"]
[SourceVersionDate "2017.08.23"]
[SourceQuality "1"]

1. e4 d5 2. exd5 Qxd5 3. Nc3 Qd6 4. Nf3 a6 5. Be2 Nf6 6. h3 b5 7. a3 Bb7 8. d4 e6 9. Be3 Be7 10. Qd2 0-0 11. 0-0 Nbd7 12. Bf4 Qb6 13. Rad1 Rad8 14. Na2 c5 15. c3 Bd5 16. Nc1 Ne4 17. Qe3 cxd4 18. cxd4 Ndf6 19. Nd2 Rc8 20. Nxe4 Bxe4 21. Bd3 Bxd3 22. Nxd3 Nd5 23. Qe4 Rfd8 24. Be3 a5 25. Nf4 Bf6 26. Rc1 Nxf4 27. Qxf4 Qb8 28. Qxb8 Rxb8 29. Rfd1 b4 30. a4 Rd5 31. b3 Rbd8 32. Rc4 e5 33. Kf1 exd4 34. Bf4 d3 35. Ke1 Rd4 36. Bc7 Rxc4 37. Bxd8 Re4+ 38. Kf1 Bxd8 39. Rxd3 Re8 40. f3 Bh4 41. Kg1 Bg3 42. Rd1 h5 43. Rb1 Re3 44. f4 f5 45. Rf1 Rxb3 0-1

[Event "Coimbra Queima das Fitas op"]
[Site "Coimbra"]
[Date "2017.04.29"]
[Round "2"]
[White "Dias, Jose Oliveira Gaspa"]
[Black "Jorge, Rita Maria Osorio"]
[Result "0-1"]
[WhiteElo "1664"]
[BlackElo "1932"]
[PlyCount "100"]
[EventDate "2017.04.28"]
[EventType "swiss"]
[EventRounds "7"]
[EventCountry "POR"]
[SourceTitle "CBM 178 Extra"]
[Source "ChessBase"]
[SourceDate "2017.06.22"]
[SourceVersion "1"]
[SourceVersionDate "2017.06.22"]
[SourceQuality "1"]

1. e4 c5 2. Nf3 Nc6 3. d4 cxd4 4. c3 d5 5. Bb5 Nf6 6. e5 Ne4 7. Nxd4 Bd7 8. Nxc6 bxc6 9. Bd3 Nc5 10. Bc2 e6 11. 0-0 Be7 12. Nd2 h6 13. Qg4 Kf8 14. Kh1 g6 15. f4 Kg7 16. Nf3 Bc8 17. Nd4 Qc7 18. Be3 h5 19. Qg3 Ne4 20. Qf3 c5 21. Ne2 Ba6 22. Rfc1 Rab8 23. Rab1 Bc4 24. a3 Ba2 25. Ra1 Rxb2 26. Bxe4 dxe4 27. Qf1 Bc4 28. Re1 Qb7 29. Rad1 Qa6 30. Rd2 Rhb8 31. Qf2 Bd3 32. Nc1 Qxa3 33. Red1 Qxc3 34. Nxd3 exd3 35. h3 Rxd2 36. Rxd2 a5 37. Kh2 a4 38. Qf1 c4 39. Rd1 a3 40. Rc1 Qb4 41. Bd4 Qa4 42. Ra1 Rb3 43. Qc1 Qb5 44. Bc3 Bb4 45. Bd4 Qd5 46. Be3 Rb2 47. Qg1 c3 48. Bc1 d2 49. Bxb2 axb2 50. Rb1 c2 0-1

[Event "POR-ch Seniors 50+"]
[Site "Luso"]
[Date "2017.04.10"]
[Round "2"]
[White "Marvao, Joaquim Manuel Pint"]
[Black "Dias, Jose Oliveira Gaspa"]
[Result "0-1"]
[WhiteElo "1331"]
[BlackElo "1664"]
[PlyCount "76"]
[EventDate "2017.04.09"]
[EventType "swiss"]
[EventRounds "5"]
[EventCountry "POR"]
[SourceTitle "EXT 2018"]
[Source "ChessBase"]
[SourceDate "2017.10.13"]
[SourceVersion "1"]
[SourceVersionDate "2017.10.13"]
[SourceQuality "1"]

1. e4 c6 2. Nf3 d5 3. exd5 cxd5 4. d4 Nf6 5. Bb5+ Bd7 6. Bxd7+ Nbxd7 7. 0-0 e6 8. c3 Bd6 9. Bg5 Qb6 10. Qc2 h6 11. Bxf6 gxf6 12. Nbd2 h5 13. Rfe1 h4 14. h3 0-0-0 15. c4 Qc7 16. c5 Bf4 17. b4 Kb8 18. Rab1 e5 19. b5 e4 20. Nxe4 dxe4 21. Rxe4 Nf8 22. c6 Ne6 23. Qc4 Rh5 24. Rd1 Rhd5 25. Nxh4 f5 26. Re2 Rxd4 27. Rxd4 Rxd4 28. Qc2 Bh2+ 29. Kf1 Rxh4 30. Rd2 Bd6 31. Qxf5 bxc6 32. bxc6 Rb4 33. Qd5 Rb1+ 34. Rd1 Rxd1+ 35. Qxd1 Qxc6 36. Qb3+ Kc7 37. f3 Qc1+ 38. Ke2 Nd4+ 0-1

[Event "POR-ch Seniors 50+"]
[Site "Luso"]
[Date "2017.04.09"]
[Round "1"]
[White "Dias, Jose Oliveira Gaspa"]
[Black "Ferreira, Antonio Luis"]
[Result "1/2-1/2"]
[WhiteElo "1664"]
[BlackElo "2092"]
[PlyCount "95"]
[EventDate "2017.04.09"]
[EventType "swiss"]
[EventRounds "5"]
[EventCountry "POR"]
[SourceTitle "EXT 2018"]
[Source "ChessBase"]
[SourceDate "2017.10.13"]
[SourceVersion "1"]
[SourceVersionDate "2017.10.13"]
[SourceQuality "1"]

1. e4 c5 2. Nf3 d6 3. g3 Nf6 4. d3 g6 5. Bg2 Bg7 6. 0-0 Nc6 7. c3 0-0 8. Re1 Rb8 9. a4 b6 10. Nbd2 a6 11. Nf1 Bb7 12. h3 Qc7 13. N1h2 b5 14. Be3 c4 15. axb5 axb5 16. Bg5 cxd3 17. Qxd3 Ne5 18. Nxe5 dxe5 19. Ra7 Qc4 20. Qe3 b4 21. Ra4 Bc6 22. Ra5 bxc3 23. bxc3 Rfc8 24. Rc5 Qe6 25. Nf1 Be8 26. Nd2 Qd6 27. Rxc8 Rxc8 28. Bf1 Nd7 29. c4 f6 30. Bh6 Bxh6 31. Qxh6 Bf7 32. Qe3 Nc5 33. Be2 Qd4 34. Rc1 Qxe3 35. fxe3 Be6 36. h4 Rd8 37. Rc2 Kf8 38. Kf2 Ke8 39. Bf3 Rb8 40. Ke2 Kd7 41. Ra2 Kc6 42. Kd1 Rb6 43. Kc2 Ra6 44. Rxa6+ Nxa6 45. Kc3 Nc5 46. Be2 Bh3 47. Bf3 Be6 48. Be2 1/2-1/2

[Event "Lisbon Portugal rapid op"]
[Site "Lisbon"]
[Date "2017.02.11"]
[Round "5"]
[White "Dias, Jose Oliveira Gaspa"]
[Black "Borensztajn, David"]
[Result "1-0"]
[WhiteElo "1650"]
[BlackElo "2113"]
[PlyCount "101"]
[EventDate "2017.02.11"]
[EventType "swiss (rapid)"]
[EventRounds "8"]
[EventCountry "POR"]
[SourceTitle "CBM 176 Extra"]
[Source "ChessBase"]
[SourceDate "2017.03.02"]
[SourceVersion "1"]
[SourceVersionDate "2017.03.02"]
[SourceQuality "1"]

1. e4 c5 2. Nf3 Nc6 3. d3 g6 4. g3 Bg7 5. Bg2 d6 6. 0-0 e5 7. Nbd2 Nge7 8. c3 0-0 9. h3 b5 10. Nh2 Rb8 11. Ndf3 b4 12. Bd2 a5 13. Rb1 Ba6 14. c4 Bc8 15. Qc1 f5 16. Nh4 Nd4 17. Re1 Bd7 18. exf5 Nexf5 19. Nxf5 Bxf5 20. Bd5+ Kh8 21. g4 Bxd3 22. Bg5 Qe8 23. Ra1 Ne2+ 24. Rxe2 Bxe2 25. Qe3 e4 26. Qxe2 Bd4 27. Bh4 e3 28. f3 Qe5 29. Kg2 Bxb2 30. Rd1 Bd4 31. Bg3 Qf6 32. Nf1 Rfe8 33. Be4 a4 34. Nxe3 Bxe3 35. Qxe3 b3 36. axb3 Rxb3 37. Qf4 Qxf4 38. Bxf4 a3 39. Rxd6 a2 40. Ra6 Rb2+ 41. Kg3 Re2 42. h4 h5 43. gxh5 gxh5 44. Bd5 Rf8 45. Be4 Re8 46. Bd5 Rf8 47. Bg5 a1Q 48. Rxa1 Re5 49. Ra5 Ref5 50. Rxc5 Re5 51. Rc6 1-0